Geometric Control Theory / (Record no. 11268)
[ view plain ]
| 000 -LEADER | |
|---|---|
| fixed length control field | 01435cam a2200361 a 4500 |
| 001 - CONTROL NUMBER | |
| control field | 673836 |
| 005 - DATE AND TIME OF LATEST TRANSACTION | |
| control field | 20240818092913.0 |
| 008 - FIXED-LENGTH DATA ELEMENTS--GENERAL INFORMATION | |
| fixed length control field | 951106s1997 enka b 001 0 eng |
| 010 ## - | |
| -- | 95050008 |
| 020 ## - INTERNATIONAL STANDARD BOOK NUMBER | |
| International Standard Book Number | 0521495024 (hc) |
| 020 ## - INTERNATIONAL STANDARD BOOK NUMBER | |
| International Standard Book Number | 0521058244 |
| 020 ## - INTERNATIONAL STANDARD BOOK NUMBER | |
| International Standard Book Number | 9780521495028 (hardback) |
| 020 ## - INTERNATIONAL STANDARD BOOK NUMBER | |
| International Standard Book Number | 9780521058247 (paperback) |
| 040 ## - CATALOGING SOURCE | |
| Original cataloging agency | DLC |
| Transcribing agency | DLC |
| Modifying agency | DLC |
| 050 00 - LIBRARY OF CONGRESS CALL NUMBER | |
| Classification number | QA402.3 |
| Item number | .J87 1997 |
| 082 00 - DEWEY DECIMAL CLASSIFICATION NUMBER | |
| Classification number | 515.64 |
| Edition number | 20 |
| Item number | JUR |
| 100 1# - MAIN ENTRY--PERSONAL NAME | |
| Personal name | Jurdjevic, Velimir. |
| 9 (RLIN) | 3543 |
| 245 10 - TITLE STATEMENT | |
| Title | Geometric Control Theory / |
| Statement of responsibility, etc | Velimir Jurdjevic. |
| 260 ## - | |
| -- | Cambridge ; |
| -- | New York, NY, USA : |
| -- | Cambridge University Press, |
| -- | c1997. |
| 300 ## - PHYSICAL DESCRIPTION | |
| Extent | xviii, 492 p. : |
| Other physical details | ill. ; |
| Dimensions | 24 cm. |
| 336 ## - CONTENT TYPE | |
| Source | rdacontent |
| Content type term | text |
| Content type code | txt |
| 337 ## - MEDIA TYPE | |
| Media type term | unmediated |
| Source | rdamedia |
| Media type code | n |
| 338 ## - CARRIER TYPE | |
| Carrier type term | volume |
| Carrier type code | nc |
| Source | rdacarrier |
| 440 #0 - | |
| -- | Cambridge studies in advanced mathematics ; |
| -- | 52 |
| -- | 3544 |
| 504 ## - BIBLIOGRAPHY, ETC. NOTE | |
| Bibliography, etc | Includes bibliographical references (p. 483-487) and index. |
| 650 #0 - SUBJECT ADDED ENTRY--TOPICAL TERM | |
| Topical term or geographic name as entry element | Control theory |
| General subdivision | Congresses. |
| 9 (RLIN) | 3545 |
| 650 #0 - SUBJECT ADDED ENTRY--TOPICAL TERM | |
| Topical term or geographic name as entry element | Geometry, Differential |
| General subdivision | Congresses. |
| 9 (RLIN) | 3546 |
| 650 #0 - SUBJECT ADDED ENTRY--TOPICAL TERM | |
| Topical term or geographic name as entry element | Exterior differential systems |
| General subdivision | Congresses. |
| 9 (RLIN) | 3547 |
| 856 42 - ELECTRONIC LOCATION AND ACCESS | |
| Materials specified | Publisher description |
| Uniform Resource Identifier | <a href="http://www.loc.gov/catdir/description/cam027/95050008.html">http://www.loc.gov/catdir/description/cam027/95050008.html</a> |
| 856 41 - ELECTRONIC LOCATION AND ACCESS | |
| Materials specified | Table of contents |
| Uniform Resource Identifier | <a href="http://www.loc.gov/catdir/toc/cam024/95050008.html">http://www.loc.gov/catdir/toc/cam024/95050008.html</a> |
| 942 ## - ADDED ENTRY ELEMENTS (KOHA) | |
| Source of classification or shelving scheme | Dewey Decimal Classification |
| Koha item type | Book - Borrowing |
| Classification part | RDA-MOD |
| Withdrawn status | Lost status | Source of classification or shelving scheme | Damaged status | Not for loan | Collection code | Home library | Current library | Shelving location | Date acquired | Source of acquisition | Cost, normal purchase price | Serial Enumeration / chronology | Total Checkouts | Full call number | Barcode | Checked out | Date last seen | Date checked out | Price effective from | Koha item type |
|---|---|---|---|---|---|---|---|---|---|---|---|---|---|---|---|---|---|---|---|---|
| Dewey Decimal Classification | Baccah | Central Library | Central Library | First floor | 09/04/2009 | 468.00 | 7117 | 2 | 515.64 JUR | 000015876 | 02/02/2011 | 26/08/2010 | 26/08/2010 | 09/04/2009 | Book - Borrowing |